El coronel no tiene quién le escriba / (Registro nro. 13310)

Detalles MARC
000 -LEADER
fixed length control field 00552nam a22002177a 4500
001 - CONTROL NUMBER
control field 00075
003 - CONTROL NUMBER IDENTIFIER
control field DO-SdBNP
005 - DATE AND TIME OF LATEST TRANSACTION
control field 20180219134210.0
007 - PHYSICAL DESCRIPTION FIXED FIELD--GENERAL INFORMATION
fixed length control field 00075
008 - FIXED-LENGTH DATA ELEMENTS--GENERAL INFORMATION
fixed length control field 151117b 1957 sp 00| 0 spa d
040 ## - CATALOGING SOURCE
Original cataloging agency BPMSU
Language of cataloging spa
Transcribing agency BPMSU
100 1# - MAIN ENTRY--PERSONAL NAME
Personal name García Márquez, Gabriel
245 13 - TITLE STATEMENT
Title El coronel no tiene quién le escriba /
Statement of responsibility, etc. Gabriel García Márquez.
260 ## - PUBLICATION, DISTRIBUTION, ETC. (IMPRINT)
Place of publication, distribution, etc. [Barcelona ] :
Name of publisher, distributor, etc. [s.n.]
Date of publication, distribution, etc. 1957
300 ## - PHYSICAL DESCRIPTION
Extent 105 p. ;
Dimensions 20 cm.
490 1# - SERIES STATEMENT
Series statement
830 #0 - SERIES ADDED ENTRY--UNIFORM TITLE
Uniform title Índice
942 ## - ADDED ENTRY ELEMENTS (KOHA)
Source of classification or shelving scheme Dewey Decimal Classification
Koha item type Libros
945 ## - LOCAL PROCESSING INFORMATION (OCLC)
a Inventariado, 2018 / VM
956 ## - LOCAL ELECTRONIC LOCATION AND ACCESS (OCLC)
Host name VMATEO
Access number 10
Existencias
Withdrawn status Lost status Source of classification or shelving scheme Damaged status Not for loan Collection code Home library Current library Date acquired Total Checkouts Barcode Date last seen Price effective from Koha item type
    Dewey Decimal Classification     Colección General Biblioteca Pública Metropolitana Salomé Ureña Biblioteca Pública Metropolitana Salomé Ureña 02/19/2018   BPMSU18020172 02/19/2018 02/19/2018 Libros